Statistiques concernant Les fleurs en fonction du mois de naissance - 2

Cliquez ici pour prendre le quiz!

Statistiques générales

  • Ce quiz a été pris 17 fois
  • Le résultat moyen est 7 sur 19

Statistiques - réponses

MoisFleurs% Correct
JuinRose
100%
MarsJonquille
62%
MaiLys
62%
MaiMuguet
62%
NovembreChrysanthème
46%
FévrierIris
46%
Mars | DécembreNarcisse
46%
JanvierŒillet
46%
Avril | MaiMarguerite
38%
FévrierViolette
38%
JanvierPerce-neige
31%
OctobreSouci
31%
AoûtGlaïeul
23%
DécembreHoux
23%
AoûtPavot
23%
SeptembreAster
15%
JuilletPied d’alouette
8%
DécembrePoinsettia
8%
AvrilPois de senteur
8%

Distribution des résultats

Percentile par nombre de réponses

% des personnes avec chaque résultat

Votre développement - résultats

Vous n’avez pas pris ce quiz